Statistics for Countries of the Hungarian Diaspora

Click here to take the quiz!

General Stats

  • This quiz has been taken 84 times
  • The average score is 34 of 42

Answer Stats

#Country% Correct
1,563,081United States
100%
220,000United Kingdom
99%
348,085Canada
97%
76,500Russia
97%
10,000Spain
97%
200,000France
96%
207,000Germany
96%
1,227,623Romania
96%
458,467Slovakia
96%
14,000Italy
95%
253,899Serbia
95%
90,000Austria
93%
156,600Ukraine
93%
14,048Croatia
91%
1,728Poland
91%
33,018Sweden
91%
20,000Czech Republic
89%
3,000Finland
89%
67,616Australia
88%
16,000Netherlands
88%
5,000Norway
88%
6,243Slovenia
88%
15,000Belgium
87%
80,000Brazil
87%
2,000Greece
87%
27,000Switzerland
87%
6,800Turkey
87%
3,500Mexico
86%
6,000Denmark
84%
50,000Argentina
82%
7,000New Zealand
80%
9,000Ireland
78%
50,000Chile
74%
250,000Israel
71%
4,000South Africa
71%
2,000Luxembourg
66%
4,000Venezuela
59%
3,000Uruguay
57%
457Kazakhstan
45%
100Vietnam
29%
1,000Jordan
26%
206Phillippines
22%

Score Distribution

Percentile by Number Answered

Percent of People with Each Score

Your Score History

You have not taken this quiz